[Event "World Amateur-ch U2000"]
[Site "Cagliari"]
[Date "2018.04.29"]
[Round "9"]
[White "Dai Campi, Danilo"]
[Black "Bottesi, Gianluca"]
[Result "1/2-1/2"]
[WhiteElo "1865"]
[BlackElo "1721"]
[PlyCount "28"]
[EventDate "2018.04.22"]
[EventType "swiss"]
[EventRounds "9"]
[EventCountry "ITA"]
[SourceTitle "CBM 184 Extra"]
[Source "ChessBase"]
[SourceDate "2018.06.28"]
[SourceVersion "1"]
[SourceVersionDate "2018.06.28"]
[SourceQuality "1"]

1. e4 c5 2. c3 d5 3. exd5 Qxd5 4. d4 Nc6 5. Nf3 g6 6. Na3 Bg7 7. Nb5 Qd8 8. Bf4 e5 9. dxe5 Bh6 10. Qxd8+ Kxd8 11. Bxh6 Nxh6 12. 0-0-0+ Bd7 13. h3 Rc8 14. Nd6 Rc7 1/2-1/2

[Event "World Amateur-ch U2000"]
[Site "Cagliari"]
[Date "2018.04.28"]
[Round "8"]
[White "Bottesi, Gianluca"]
[Black "Serra, Emanuele"]
[Result "0-1"]
[WhiteElo "1721"]
[BlackElo "1844"]
[PlyCount "128"]
[EventDate "2018.04.22"]
[EventType "swiss"]
[EventRounds "9"]
[EventCountry "ITA"]
[SourceTitle "CBM 184 Extra"]
[Source "ChessBase"]
[SourceDate "2018.06.28"]
[SourceVersion "1"]
[SourceVersionDate "2018.06.28"]
[SourceQuality "1"]

1. d4 d5 2. Nf3 Nf6 3. e3 c6 4. Bd3 Bg4 5. Nbd2 e6 6. c4 Bd6 7. 0-0 Nbd7 8. Qc2 Rc8 9. b3 0-0 10. Bb2 Qc7 11. c5 Be7 12. Ne5 h6 13. f4 b6 14. b4 Bh5 15. h3 Ne4 16. Nxe4 Nxe5 17. fxe5 dxe4 18. Bxe4 bxc5 19. bxc5 Bg5 20. Qd3 f5 21. exf6 gxf6 22. Bg6 Bxg6 23. Qxg6+ Qg7 24. Qe4 Rfe8 25. h4 f5 26. Qd3 Bxh4 27. Rf3 Qg4 28. Raf1 Bg5 29. Qc3 Kh7 30. d5 Rg8 31. R1f2 cxd5 32. Qa5 Bh4 33. Qxa7+ Rg7 34. Bxg7 Bxf2+ 35. Kxf2 Qxg7 36. Qb6 Qe7 37. c6 Qd6 38. Rg3 Rxc6 39. Qa7+ Qc7 40. Qa8 Qc8 41. Qa7+ Rc7 42. Qd4 Rf7 43. a4 Qc2+ 44. Kg1 Qc6 45. Qe5 f4 46. exf4 Qc1+ 47. Kh2 Qxf4 48. Qxf4 Rxf4 49. Ra3 Rf7 50. Kg3 Kg6 51. a5 Kg5 52. a6 Ra7 53. Ra5 Kf5 54. Kf3 Ke5 55. Ke3 Kd6 56. Kd3 Kc6 57. Kd4 Kb6 58. Ra3 Rxa6 59. Rb3+ Kc6 60. Ke5 Kc5 61. Rc3+ Kb4 62. Rh3 Ra3 63. Rxh6 Kc5 64. Kxe6 Ra6+ 0-1

[Event "World Amateur-ch U2000"]
[Site "Cagliari"]
[Date "2018.04.23"]
[Round "3"]
[White "Mallo, Danilo"]
[Black "Bottesi, Gianluca"]
[Result "0-1"]
[WhiteElo "1858"]
[BlackElo "1721"]
[PlyCount "94"]
[EventDate "2018.04.22"]
[EventType "swiss"]
[EventRounds "9"]
[EventCountry "ITA"]
[SourceTitle "CBM 184 Extra"]
[Source "ChessBase"]
[SourceDate "2018.06.28"]
[SourceVersion "1"]
[SourceVersionDate "2018.06.28"]
[SourceQuality "1"]

1. d4 d6 2. c4 e5 3. dxe5 dxe5 4. Qxd8+ Kxd8 5. Nc3 c6 6. e4 Kc7 7. a3 Be6 8. f4 Bd6 9. Nf3 exf4 10. e5 Be7 11. Bxf4 h5 12. Ne4 Nh6 13. Nd6 Nf5 14. 0-0-0 c5 15. Be2 Nc6 16. Nb5+ Kb6 17. Nc3 Nfd4 18. Nd5+ Bxd5 19. Nxd4 Nxd4 20. Rxd4 cxd4 21. cxd5 g5 22. Bg3 g4 23. Bf4 Rhg8 24. Rd1 Bg5 25. Rxd4 Kc5 26. Rb4 Kxd5 27. Bc4+ Kc5 28. Bxf7 Bxf4+ 29. Rxf4 Rg5 30. b4+ Kb6 31. Re4 Rc8+ 32. Kd2 Rf5 33. Be6 Rd8+ 34. Ke2 Rff8 35. Bb3 Kc7 36. e6 Rde8 37. e7 Rf5 38. Be6 Rf6 39. Bd5 b6 40. Kd3 Kd6 41. Rd4 Kxe7 42. b5 Rd8 43. Ke4 Rf1 44. Rd3 Kf6 45. Kd4 Rf4+ 46. Ke3 Rf5 47. Ke4 Re5+ 0-1

[Event "Arco op-A 39th"]
[Site "Arco"]
[Date "2017.10.14"]
[Round "8"]
[White "Bottesi, Gianluca"]
[Black "Blasco, Domenico"]
[Result "1/2-1/2"]
[WhiteElo "1719"]
[BlackElo "1894"]
[PlyCount "94"]
[EventDate "2017.10.07"]
[EventType "swiss"]
[EventRounds "9"]
[EventCountry "ITA"]
[SourceTitle "CBM 181 Extra"]
[Source "ChessBase"]
[SourceDate "2017.12.12"]
[SourceVersion "1"]
[SourceVersionDate "2017.12.12"]
[SourceQuality "1"]

1. d4 g6 2. c4 Bg7 3. Nc3 c5 4. d5 Bxc3+ 5. bxc3 Qa5 6. Bb2 f5 7. Qd2 d6 8. Nh3 Nd7 9. e4 Nb6 10. exf5 Bxf5 11. Ng5 Qa4 12. Ne6 Bxe6 13. dxe6 Nf6 14. Qd3 Qc6 15. Be2 Qxg2 16. Bf3 Qg5 17. Bxb7 Rb8 18. Bc6+ Kf8 19. Bc1 Qe5+ 20. Qe3 Qxe3+ 21. Bxe3 Kg7 22. Bb5 Na8 23. Bc6 Nc7 24. 0-0 Rb6 25. Bd7 Rhb8 26. Rfd1 R8b7 27. a4 a5 28. h3 Nxd7 29. exd7 Ne6 30. d8Q Nxd8 31. Bxc5 Rc6 32. Bd4+ e5 33. Bxe5+ dxe5 34. Rxd8 Rxc4 35. Rd5 Rxc3 36. Rxa5 Rxh3 37. Rxe5 Rb4 38. Kg2 Rhb3 39. a5 Rb1 40. Re1 Rxe1 41. Rxe1 Ra4 42. Re5 Kf6 43. Rb5 g5 44. Rb6+ Kf5 45. Rh6 Rxa5 46. Rxh7 Ra3 47. Rh8 Rb3 1/2-1/2

[Event "Arco op 33rd"]
[Site "Arco"]
[Date "2011.10.28"]
[Round "7"]
[White "Bottesi, Gianluca"]
[Black "Caldara, Sisto"]
[Result "0-1"]
[WhiteElo "1674"]
[BlackElo "1800"]
[PlyCount "58"]
[EventDate "2011.10.22"]
[EventType "swiss"]
[EventRounds "9"]
[EventCountry "ITA"]
[SourceTitle "EXT 2012"]
[Source "ChessBase"]
[SourceDate "2011.11.24"]
[SourceVersion "1"]
[SourceVersionDate "2011.11.24"]
[SourceQuality "1"]

1. c4 f5 2. g3 Nf6 3. Bg2 g6 4. Nf3 Bg7 5. 0-0 0-0 6. Nc3 d6 7. Qb3 Kh8 8. Ng5 Na6 9. c5 Nxc5 10. Nf7+ Rxf7 11. Qxf7 Be6 12. Qxe6 Nxe6 13. Bxb7 Rb8 14. Bg2 Nc5 15. d3 e5 16. Bd2 Rxb2 17. Rfd1 e4 18. Bc1 Rb8 19. d4 Ne6 20. e3 h5 21. Ba3 h4 22. Bf1 d5 23. Be2 c5 24. dxc5 Qa5 25. Nb5 Rxb5 26. Bxb5 Qxb5 27. Rab1 Qe2 28. gxh4 Ng4 29. Rf1 Be5 0-1

[Event "Arco op 32nd"]
[Site "Arco"]
[Date "2010.10.21"]
[Round "6"]
[White "Bottesi, Gianluca"]
[Black "Stolfa, Rodolfo"]
[Result "1/2-1/2"]
[WhiteElo "1704"]
[BlackElo "1876"]
[PlyCount "118"]
[EventDate "2010.10.16"]
[EventType "swiss"]
[EventRounds "9"]
[EventCountry "ITA"]
[SourceTitle "EXT 2024"]
[Source "ChessBase"]
[SourceDate "2023.10.10"]
[SourceVersion "1"]
[SourceVersionDate "2023.10.10"]
[SourceQuality "1"]

1. d4 d5 2. c4 e6 3. Nc3 Nf6 4. Nf3 Nbd7 5. Qc2 Bb4 6. a3 Bxc3+ 7. bxc3 dxc4 8. e3 b5 9. a4 c6 10. Ba3 Nd5 11. Be2 Bb7 12. 0-0 Ne7 13. Rfb1 a6 14. Bxc4 0-0 15. Ng5 Nf6 16. Bd3 h6 17. Ne4 Nxe4 18. Bxe4 Re8 19. c4 Qd7 20. Bd3 bxc4 21. Bxc4 Nd5 22. a5 Rab8 23. Qd3 Nc7 24. Bc5 Nb5 25. Rd1 Qd8 26. e4 Qg5 27. Bb6 Kh8 28. d5 exd5 29. exd5 cxd5 30. Bxb5 axb5 31. Qxb5 Ba8 32. Re1 Rec8 33. Qd3 d4 34. Qg3 Qd5 35. Rad1 Rxb6 36. axb6 Rd8 37. Rd3 Bb7 38. Red1 Qc5 39. Qc7 Qd5 40. f3 Rc8 41. Qe7 Rc4 42. Qe8+ Kh7 43. Qe4+ Qxe4 44. fxe4 Rb4 45. Rxd4 Rxb6 46. Rd7 Bxe4 47. Rxf7 Rb2 48. g3 Rg2+ 49. Kf1 Rxh2 50. Rdd7 Rh5 51. Rxg7+ Kh8 52. Rge7 Bd5 53. Rh7+ Kg8 54. Rdg7+ Kf8 55. Kf2 Bg8 56. Kf3 Bxh7 57. Rxh7 Kg8 58. Rb7 Rc5 59. Kf4 Rd5 1/2-1/2

[Event "Arco op 32nd"]
[Site "Arco"]
[Date "2010.10.18"]
[Round "3"]
[White "Helbig, Dieter"]
[Black "Bottesi, Gianluca"]
[Result "1-0"]
[WhiteElo "1872"]
[BlackElo "1704"]
[PlyCount "55"]
[EventDate "2010.10.16"]
[EventType "swiss"]
[EventRounds "9"]
[EventCountry "ITA"]
[SourceTitle "EXT 2024"]
[Source "ChessBase"]
[SourceDate "2023.10.10"]
[SourceVersion "1"]
[SourceVersionDate "2023.10.10"]
[SourceQuality "1"]

1. c4 e5 2. Nc3 Nf6 3. g3 Nc6 4. Bg2 Bb4 5. e3 d6 6. Nge2 Bd7 7. 0-0 0-0 8. d4 exd4 9. exd4 Re8 10. a3 Bxc3 11. Nxc3 Bg4 12. f3 Bf5 13. g4 Bg6 14. Bg5 Qd7 15. h3 h5 16. Bxf6 gxf6 17. Qd2 Kg7 18. Nd5 Rh8 19. Rae1 Rae8 20. b4 Nd8 21. Rxe8 Rxe8 22. Nf4 Rh8 23. d5 c6 24. Rd1 cxd5 25. Nxd5 Ne6 26. Nxf6 Kxf6 27. Qc3+ Ke7 28. Qxh8 1-0

[Event "Arco op 32nd"]
[Site "Arco"]
[Date "2010.10.16"]
[Round "1"]
[White "Joerges, Frank"]
[Black "Bottesi, Gianluca"]
[Result "1/2-1/2"]
[WhiteElo "1955"]
[BlackElo "1704"]
[PlyCount "88"]
[EventDate "2010.10.16"]
[EventType "swiss"]
[EventRounds "9"]
[EventCountry "ITA"]
[SourceTitle "EXT 2024"]
[Source "ChessBase"]
[SourceDate "2023.10.10"]
[SourceVersion "1"]
[SourceVersionDate "2023.10.10"]
[SourceQuality "1"]

1. d4 Nf6 2. Nf3 g6 3. e3 Bg7 4. c4 0-0 5. Nc3 d6 6. Bd3 c5 7. d5 Na6 8. 0-0 Nc7 9. h3 a6 10. a4 e6 11. e4 exd5 12. exd5 Bd7 13. Bf4 Be8 14. a5 Rb8 15. Qd2 b5 16. b3 Nh5 17. Bh6 Bd7 18. Bxg7 Kxg7 19. Ne4 Ne8 20. Rfe1 Nhf6 21. Qc3 Kg8 22. Re3 Nxe4 23. Bxe4 Qf6 24. Qxf6 Nxf6 25. Nd2 Rfe8 26. f3 Nh5 27. Kf2 bxc4 28. Nxc4 f5 29. Bc2 Rxe3 30. Nxe3 Bb5 31. g3 f4 32. gxf4 Nxf4 33. h4 Bd3 34. Bd1 Rb4 35. Ra2 Rd4 36. Ra4 Rxa4 37. bxa4 c4 38. Kg3 Ne2+ 39. Bxe2 Bxe2 40. Kf2 Bd3 41. Nd1 Bc2 42. Nc3 Kf7 43. f4 Kf6 44. Ke3 Ke7 1/2-1/2

[Event "Arco op 31st"]
[Site "Arco"]
[Date "2009.10.19"]
[Round "3"]
[White "Bottesi, Gianluca"]
[Black "De Andres Gonalons, Fernando"]
[Result "0-1"]
[WhiteElo "1559"]
[BlackElo "2088"]
[PlyCount "26"]
[EventDate "2009.10.17"]
[EventType "swiss"]
[EventRounds "9"]
[EventCountry "ITA"]
[SourceTitle "EXT 2010"]
[Source "ChessBase"]
[SourceDate "2010.11.25"]
[SourceVersion "1"]
[SourceVersionDate "2010.11.25"]
[SourceQuality "1"]

1. d4 d5 2. c4 dxc4 3. Nc3 c5 4. d5 e6 5. e4 Nf6 6. Bxc4 exd5 7. Nxd5 Nxd5 8. Bxd5 Be7 9. Qb3 0-0 10. Bxb7 c4 11. Qb5 a6 12. Qd5 Bb4+ 13. Ke2 Bxb7 0-1

[Event "Arco op 31st"]
[Site "Arco"]
[Date "2009.10.18"]
[Round "2"]
[White "Orlandi, Stefano"]
[Black "Bottesi, Gianluca"]
[Result "0-1"]
[WhiteElo "1948"]
[BlackElo "1559"]
[PlyCount "62"]
[EventDate "2009.10.17"]
[EventType "swiss"]
[EventRounds "9"]
[EventCountry "ITA"]
[SourceTitle "EXT 2010"]
[Source "ChessBase"]
[SourceDate "2010.11.25"]
[SourceVersion "1"]
[SourceVersionDate "2010.11.25"]
[SourceQuality "1"]

1. e4 c5 2. Nf3 Nc6 3. d4 cxd4 4. Nxd4 Nf6 5. Nc3 a6 6. Be2 e6 7. Be3 Qc7 8. 0-0 d5 9. exd5 exd5 10. Bf3 Be6 11. Re1 Bd6 12. Bg5 Bxh2+ 13. Kh1 Nxd4 14. Qxd4 0-0-0 15. Rad1 h5 16. Bxf6 gxf6 17. Qxf6 Qf4 18. Qxf4 Bxf4 19. Nxd5 Bb8 20. Nf6 Rxd1 21. Rxd1 Bg4 22. c3 Bxf3 23. gxf3 h4 24. Rd5 Ba7 25. Ng4 h3 26. Rf5 Re8 27. Kh2 Rh8 28. Rxf7 Bb8+ 29. Kh1 h2 30. Rf6 Rd8 31. Rh6 Rd1+ 0-1